Sports Quiz

Random Sports or NBA Quiz

NBA Double-Double Rookies Quiz Stats

 Plays Quiz Updated Dec 5, 2015

Challenge
Share
Tweet
Embed
Score 0/45 Timer 08:00
6 Plays Today
Stats Player % Correct
37.7 PPG
27.0 RPG
Wilt Chamberlain
91.7%
23.4 PPG
13.9 RPG
Shaquille O'Neal
86.8%
21.1 PPG
11.9 RPG
Tim Duncan
84.4%
24.3 PPG
12.0 RPG
David Robinson
81.7%
12.0 PPG
10.0 RPG
Dwight Howard
80.6%
20.6 PPG
11.9 RPG
Hakeem Olajuwon
79.5%
28.8 PPG
14.5 RPG
Kareem Abdul-Jabbar
78.4%
22.5 PPG
12.1 RPG
Blake Griffin
77.9%
21.3 PPG
10.4 RPG
Larry Bird
76.4%
19.2 PPG
11.0 RPG
Larry Johnson
75.3%
19.5 PPG
10.6 RPG
Marques Johnson
74.7%
17.3 PPG
13.6 RPG
Gus Johnson
74.6%
30.5 PPG
10.1 RPG
Oscar Robertson
74.4%
14.7 PPG
19.6 RPG
Bill Russell
68.4%
21.0 PPG
10.3 RPG
Alonzo Mourning
59.7%
20.1 PPG
10.0 RPG
Elton Brand
51.8%
21.0 PPG
11.1 RPG
Ralph Sampson
51.6%
24.9 PPG
15.0 RPG
Elgin Baylor
48.2%
19.5 PPG
14.7 RPG
Willis Reed
48.2%
15.1 PPG
10.9 RPG
Emeka Okafor
46%
20.4 PPG
13.8 RPG
Bob Pettit
45.2%
28.4 PPG
17.1 RPG
Elvin Hayes
42.7%
13.8 PPG
18.2 RPG
Wes Unseld
41%
Stats Player % Correct
16.6 PPG
12.3 RPG
Dikembe Mutombo
40.6%
25.7 PPG
10.6 RPG
Rick Barry
40.5%
13.6 PPG
10.6 APG
Mark Jackson
37.2%
14.8 PPG
12.9 RPG
Luke Jackson
37.1%
18.4 PPG
10.3 RPG
Derrick Coleman
37%
17.0 PPG
15.0 RPG
Dave Cowens
32.1%
15.5 PPG
12.3 RPG
Buck Williams
31.2%
17.3 PPG
15.3 RPG
Elmore Smith
30.5%
17.7 PPG
17.4 RPG
Jerry Lucas
23.8%
31.6 PPG
19.0 RPG
Walt Bellamy
22%
23.7 PPG
10.6 RPG
Terry Cummings
14.2%
20.1 PPG
10.6 RPG
Clark Kellogg
7.4%
24.5 PPG
11.5 RPG
Sidney Wicks
6.9%
16.8 PPG
16.3 RPG
Maurice Stokes
4.7%
18.5 PPG
10.7 RPG
John Drew
4.1%
17.8 PPG
10.5 RPG
Bailey Howell
3.6%
13.5 PPG
11.3 RPG
Sam Lacey
2.6%
13.3 PPG
11.5 RPG
Ray Scott
2.3%
13.5 PPG
10.0 RPG
Larry Foust
1.6%
13.4 PPG
11.8 RPG
Lloyd Neal
1.3%
17.6 PPG
13.3 RPG
Ray Felix
0.8%
12.8 PPG
10.3 RPG
Woody Sauldsberry
0.5%

You're not logged in!

Compare scores with friends on all Sporcle quizzes.
OR
Log In

You Might Also Like...

Show Comments

Extras

Top Quizzes Today


Score Distribution

Your Account Isn't Verified!

In order to create a playlist on Sporcle, you need to verify the email address you used during registration. Go to your Sporcle Settings to finish the process.

Report this User

Report this user for behavior that violates our Community Guidelines.

Details: